000 00464nam a2200169Ia 4500
003 LK-CoDNM
008 010623t xxu||||| |||| 00| 1 sin d
040 _aLK-CoDNM
_dLK-CoDNM
_eLK-CoDNM
041 _asin
080 _a159.9SUR
100 _aSurendra,S,Siril
245 _aසත් අත්දැකීම ජීවිතය තුලින්
246 _aSathya Athdakeema Jeevithaya Tulin
300 _b153p, 21 cm
650 _aPsycology
942 _cBK
999 _c141491
_d141491